Strategic project Management/ (Record no. 215145)

MARC details
000 -LEADER
fixed length control field 00734nam a22001937a 4500
005 - DATE AND TIME OF LATEST TRANSACTION
control field 20260301151355.0
010 ## - LCCN (DPL NO)
LC control number BACEN26
020 ## - INTERNATIONAL STANDARD BOOK NUMBER
International Standard Book Number 9789365573770
Terms of availability 1495.00
037 ## - SOURCE OF ACQUISITION
Source of stock number/acquisition Himalaya Publishing House
082 ## - DEWEY DECIMAL CLASSIFICATION NUMBER
Classification number 658.4012
100 ## - MAIN ENTRY--PERSONAL NAME
Personal name Rai, Alok Kumar
245 ## - TITLE STATEMENT
Title Strategic project Management/
Statement of responsibility, etc Alok Kumar Rai, Audhesh Kumar [and] Mayank Bajpai
260 ## - PUBLICATION, DISTRIBUTION, ETC. (IMPRINT)
Place of publication, distribution, etc Mumbai
Name of publisher, distributor, etc Himalaya Publishing House
Date of publication, distribution, etc 2026
270 ## - ADDRESS
Address Vishal Industrial Estate 1st floor, Office No 63/64 Bhandup Village Road, Subhash Nagar
City Mumbai
Postal code 400078
Telephone number 0223513146
Electronic mail address himpub@bharatmail.co.in;
300 ## - PHYSICAL DESCRIPTION
Extent 271 p.
Dimensions 26cm(pbk)
700 ## - ADDED ENTRY--PERSONAL NAME
Personal name Audhesh Kumar
9 (RLIN) 87704
700 ## - ADDED ENTRY--PERSONAL NAME
Personal name Mayank Bajpai
9 (RLIN) 87723
942 ## - ADDED ENTRY ELEMENTS (KOHA)
Source of classification or shelving scheme Dewey Decimal Classification
Item type English Books
Call number suffix RAI
Classification part 658.4012

No items available.


© Delhi Public Library
Hit Counter
free hit counter